| 000 | 00558nam a2200181Ia 4500 | ||
|---|---|---|---|
| 999 |
_c32368 _d32368 |
||
| 003 | OSt | ||
| 005 | 20201012122126.0 | ||
| 008 | 190216s9999||||xx |||||||||||||| ||und|| | ||
| 020 | _a9789380578491 | ||
| 040 | _coclc | ||
| 082 |
_a516.352 _bGAN/B |
||
| 100 |
_aGanesh, M _95590 |
||
| 245 | 0 |
_aBasics Of Computer Aided Geometric Design An Algorithmic Approach / _cM Ganesh |
|
| 260 |
_bI.K.International Publishing, _c2011. _aNew Delhi: |
||
| 300 | _a212p | ||
| 650 | _aMathematics | ||
| 942 |
_cBK _2ddc _h516.352 _iGAN/B _k516.352 _mGAN/B |
||